00401nam a2200145Ia 4500008004100000020001800041041000800059082001700067100001900084245008300103250000600186260003000192300001300222650002000235210716s2013 xx 000 0 und d a9789382291640 aeng a621.367 SINV aSingh, Vipula. aDigital image processing: with matlab and lab view.bWith matlab and lab view. a1 aNew DelhibElsevierc2013 axvii,804 aDigital Systems